I santi innocenti /

Guardat en:
Dades bibliogràfiques
Autor principal: Camarca, Claudio (Autor)
Format: Llibre
Idioma:italià
Publicat: Milano : Baldini & Castoldi, c1998
Edició:3. ed
Col·lecció:I nani ; 119
Etiquetes: Afegir etiqueta
Sense etiquetes, Sigues el primer a etiquetar aquest registre!

MARC

LEADER 00000nam a22000007i 4500
001 IT\ICCU\TO0\0909780
003 ItRI
005 20260115231938.0
008 001019s1998 it |||||| ||||| |||||c
020 |a 8880896733 
040 |b ita  |c importazione bologna sebina 
041 7 |a ita  |2 ISO-639-2 
100 1 |a Camarca, Claudio  |0 IT\ICCU\RAVV\077671  |4 aut 
240 1 2 |a I santi innocenti  |3 IT\ICCU\RMB\0824958  |9 Camarca, Claudio 
245 1 2 |a I santi innocenti /  |c Claudio Camarca. 
250 |a 3. ed 
260 |a Milano :  |b Baldini & Castoldi,  |c c1998 
300 |a 204 p. ;  |c 23 cm. 
830 2 |a I nani ;  |v 119  |0 IT\ICCU\RAV\0289775 
942 |2 ddc  |c BK  |n 0 
952 |0 0  |1 0  |4 0  |6 DOC_306_760000000000000_CAM  |7 0  |9 17442  |a BO  |b BO  |d 2026-01-15  |i 6043  |l 0  |o DOC 306.76 CAM  |p BO6043  |r 2026-01-15 23:19:38  |w 2026-01-15  |x [Sebina 5] [1 v.]  |y BK  |z 1 v. 
999 |c 14878  |d 14878